| 000 | 00537nam a2200205 a 4500 | ||
|---|---|---|---|
| 005 | 20140310183508.0 | ||
| 008 | 101015s19uu xx 00 eng d | ||
| 020 | _a9780077124786 | ||
| 050 |
_aHF 5635 _b.P419 2010 |
||
| 100 | _aPerks, Robert | ||
| 245 |
_aAccounting understanding and practice / _cRobert Perks. |
||
| 250 | _a3rd ed. | ||
| 260 |
_aLondon : _bMcGraw-Hill, _c2010. |
||
| 300 |
_a537 p. : _c25 cm. |
||
| 521 | _aBSA | ||
| 650 | _aAccounting. | ||
| 700 | _aLeiwy, Danny | ||
| 942 |
_cBK _2lcc _kFOR |
||
| 999 |
_c24114 _d24114 |
||